1012 1873 1501 1716 1562 1696 1212 1409 1979 1448 1796 1501 1508 1748 1167 1383 1331 1057 1474 1591 1256 1729 1295 1929 1401 1474 1232 1290 1867 1282 1168 1214 1922 1331 1044 1430 1208 1768 1297 1777 1073 1896 1225 1047 1224 1126 1995 1891 1611 1310 1143 1955 1900 1855 1419 1895 1883 1799 1977 1200 1174 1592 1666 1084 1705 1932 1135 1200 1608 1231 1688 1519 1917 1678 1163 1093 1204 1506 1168 1146 1985 1722 1964 1154 1978 1599 1512 1234 1436 1322 1791 1936 1100 1865 1031 1141 1089 1135 1785 BCNSPRNW ULIB Ver.6.0+V

เปลี่ยนเป็นภาษาไทย

Change to English
 แสดงรายละเอียดบรรณานุกรม
  กลับหน้าหลัก

Brief Record : Get Marc (ISO 2709) : E-mail record : QR code < ปิดหน้าต่าง
LEADER : 00000nam 2200000uu 4500
001    13399122410
003     ULIB
008    020711s2552 th a 000 0 tha d
020    ^a9786160800827
090    ^aรส.^bอ964ห
100    ^aOUIDA
245    ^aหนุ่มน้อยเนลโลกับหมาเพื่อนยาก /^cOUIDA
260    ^aกรุงเทพฯ :^bซีเอ็ด,^c2553
300    105 หน้า
500    ชุดอ่านอังกฤษ เก่งอังกฤษ
501    Stage 2
945    ^p130^l0^i028962
999 ^a ทศพร
รายการนี้ยังไม่มีแท็ก
คุณยังไม่ได้ล็อกอิน คุณสามารถมีกิจกรรมร่วมกับเว็บไซต์ได้ แต่ต้องล็อกอินก่อน ::
  ล็อกอิน

รายการสื่อสารสนเทศ

ลำดับที่ ประเภท เลขเรียก/บาร์โค้ด สถานที่ สถานะ
1. นวนิยาย
นวนิยาย
รส. อ964ห ฉ.1 
  Barcode: 028962
ห้องสมุดวิทยาเขตสวรรค์ประชารักษ์
►นวนิยาย
บนชั้น
  ขอยืม

BibComment


ยังไม่เคยถูกคอมเมนท์

คอมเมนท์ทรัพยากรรายการนี้
  คอมเมนท์: หนุ่มน้อยเนลโลกั..


 Copyright 2026. Bcnsprnw @Library